History of the tantric religion: (Record no. 178506)

MARC details
000 -LEADER
fixed length control field 00758nam a22001937a 4500
005 - DATE AND TIME OF LATEST TRANSACTION
control field 20210401170124.0
010 ## - LCCN (DPL NO)
LC control number B-738723
020 ## - INTERNATIONAL STANDARD BOOK NUMBER
International Standard Book Number 9788173046506
Terms of availability 450.00
035 ## - SYSTEM CONTROL NUMBER
System control number B-738723
037 ## - SOURCE OF ACQUISITION
Source of stock number/acquisition Gift
082 ## - DEWEY DECIMAL CLASSIFICATION NUMBER
Classification number 294.5514
100 ## - MAIN ENTRY--PERSONAL NAME
Personal name Bhattacharyya, N.N.
245 ## - TITLE STATEMENT
Title History of the tantric religion:
Remainder of title an historical, ritualistic and philosophical study /
Statement of responsibility, etc by N.N. Bhattacharyya
260 ## - PUBLICATION, DISTRIBUTION, ETC. (IMPRINT)
Place of publication, distribution, etc New Delhi
Name of publisher, distributor, etc Manohar Publishers & Distributors
Date of publication, distribution, etc 2005
270 ## - ADDRESS
Address 4753/23, Ansari Road, Daryaganj
City New Delhi
Postal code 110002
300 ## - PHYSICAL DESCRIPTION
Extent 483p.
Dimensions 21cm(pbk)
942 ## - ADDED ENTRY ELEMENTS (KOHA)
Source of classification or shelving scheme Dewey Decimal Classification
Item type English Books
Call number suffix SHA
Classification part 294.5514
Holdings
Withdrawn status Lost status Not for loan Collection code Home library Current library Date acquired Source of acquisition Cost, normal purchase price Full call number Barcode Copy number Cost, replacement price Koha item type
      Non-fiction Central Library Central Library 01/04/2021 Gift/Eng/26-02-2021 450.00 294.5514 SHA B-738723 1 450.00 English Books

© Delhi Public Library
Hit Counter
free hit counter